[Event "Jacques Jaudran mem prel1 corr"]
[Site "France AJEC"]
[Date "2000.??.??"]
[Round "?"]
[White "Noguera, Stephane"]
[Black "Cotonnet, Hubert"]
[Result "1-0"]
[WhiteElo "1903"]
[BlackElo "1900"]
[PlyCount "39"]
[EventDate "2000.11.15"]
[EventType "swiss (corr)"]
[EventRounds "8"]
[EventCountry "FRA"]
[SourceTitle "Corr 2004"]
[Source "ChessBase"]
[SourceDate "2003.04.28"]
[SourceVersion "3"]
[SourceVersionDate "2003.04.28"]
[SourceQuality "1"]

1. e4 c5 2. d4 cxd4 3. c3 Qa5 4. Nf3 dxc3 5. Nxc3 d6 6. Bc4 e6 7. 0-0 Nf6 8. Qe2 a6 9. Rd1 Qh5 10. e5 Ng4 11. exd6 Qg6 12. Nd5 Bxd6 13. Nb6 Bc5 14. Nxa8 Bxf2+ 15. Kf1 Bc5 16. Nc7+ Ke7 17. Bg5+ f6 18. Nxe6 Ne3+ 19. Bxe3 Bxe6 20. Bxc5+ 1-0